LEADER 01912cam2-2200457---450- 001 990003148560203316 005 20120308111954.0 010 $a88-8450-080-X 035 $a000314856 035 $aUSA01000314856 035 $a(ALEPH)000314856USA01 035 $a000314856 100 $a20080922d2003----km-y0itay50------ba 101 0 $aita 102 $aIT 105 $aaf--||||001yy 200 1 $aBibbie miniate della Biblioteca Medicea Laurenziana di Firenze$fBiblioteca Medicea Laurenziana di Firenze$gFondazione Ezio Franceschini$ga cura di Laura Alidori ... [et al.]$gpremessa di Carla Guiducci Bonanni$gpresentazione di Franca Arduini$gprefazione di Claudio Leonardi$gcon un saggio introduttivo di Maria Grazia Ciardi Dupré Dal Poggetto 210 $aTavarnuzze, Impruneta$cSISMEL Edizioni del Galluzzo$d2003 215 $aXXXIV, 452 p., XVI, 30 p. di tav.$cill.$d30 cm 225 2 $aBiblioteche e archivi$v12 410 0$1001000363592$12001$aBiblioteche e archivi$v, 12 606 0 $aBibbia$xManoscritti miniati$xCollezioni [della] Biblioteca Medicea Laurenziana$xCataloghi bibliografici$2BNCF 676 $a016.22 702 1$aALIDORI,$bLaura 702 1$aGUIDUCCI BONANNI,$bCarla 702 1$aARDUINI,$bFranca 702 1$aLEONARDI,$bClaudio$f<1926-2010> 702 1$aCIARDI DUPRÉ DAL POGGETTO,$bMaria Grazia 710 02$aBiblioteca Medicea Laurenziana$0151723 712 02$aFondazione Ezio Franceschini 801 0$aIT$bsalbc$gISBD 912 $a990003148560203316 951 $aI.2. Coll. 9/ 3$b208123 L.M.$cI.2. Coll.$d00167341 959 $aBK 969 $aUMA 979 $aGIUSY$b90$c20080922$lUSA01$h1603 979 $aGIUSY$b90$c20080922$lUSA01$h1605 979 $aANNAMARIA$b90$c20120308$lUSA01$h1119 979 $aANNAMARIA$b90$c20120308$lUSA01$h1119 996 $aBibbie miniate della Biblioteca Medicea Laurenziana di Firenze$91018553 997 $aUNISA LEADER 03589nam 22006735 450 001 9910983383103321 005 20250806174957.0 010 $a9789819717576 010 $a9819717574 024 7 $a10.1007/978-981-97-1757-6 035 $a(MiAaPQ)EBC31808151 035 $a(Au-PeEL)EBL31808151 035 $a(CKB)36725638700041 035 $a(DE-He213)978-981-97-1757-6 035 $a(OCoLC)1477224102 035 $a(EXLCZ)9936725638700041 100 $a20241201d2025 u| 0 101 0 $aeng 135 $aurcnu|||||||| 181 $ctxt$2rdacontent 182 $cc$2rdamedia 183 $acr$2rdacarrier 200 10$aProceedings of the 2nd International Conference on Geotechnical Issues in Energy, Infrastructure and Disaster Management $eICGEID 2024, January 18?20, IIT, Patna, India /$fedited by Amit Kumar Verma, T. N. Singh, Edy Tonnizam Mohamad, A. K. Mishra, Ranjith Pathegama Gamage, Ramesh Bhatawdekar, Stephen Wilkinson 205 $a1st ed. 2025. 210 1$aSingapore :$cSpringer Nature Singapore :$cImprint: Springer,$d2025. 215 $a1 online resource (968 pages) 225 1 $aLecture Notes in Civil Engineering,$x2366-2565 ;$v475 311 08$a9789819717569 311 08$a9819717566 327 $aUnderground Mining and Ground Control -- Mining Geotechnics -- Tunneling and Case Studies -- Geotechnics -- Underground Structures and Case Studies -- Slope stability and Landslide. 330 $aThis book consists of selected papers presented at the 2nd International Conference on Geotechnical Issues in Energy, Infrastructure and Disaster Management (ICGEID 2024), held on January 19-20, 2024 at IIT, Patna, India. The papers represent the research work in the related fields of underground mining, ground control, mining geotechnics, geo-instrumentation, mine tunneling, and underground structures. It focuses on the latest technology being implemented including artificial intelligence and machine learning applications to solve challenges in mining tunneling and geotechnical structure engineering. It also highlights the state-of-the-art technologies adopted by the civil and mining industry for their commercial as well as environmental benefits. The papers are presented by an international pool of academics, research scientists, and industrial experts and therefore cater to the global audience from the field of underground engineering. 410 0$aLecture Notes in Civil Engineering,$x2366-2565 ;$v475 606 $aEngineering geology 606 $aGeotechnical engineering 606 $aMining engineering 606 $aGeoengineering 606 $aGeotechnical Engineering and Applied Earth Sciences 606 $aMining and Exploration 615 0$aEngineering geology. 615 0$aGeotechnical engineering. 615 0$aMining engineering. 615 14$aGeoengineering. 615 24$aGeotechnical Engineering and Applied Earth Sciences. 615 24$aMining and Exploration. 676 $a624.151 700 $aVerma$b Amit Kumar$01784374 701 $aSingh$b T. N$01784375 701 $aMohamad$b Edy Tonnizam$01784376 701 $aMishra$b A. K$01365682 701 $aGamage$b Ranjith Pathegama$01784377 701 $aBhatawdekar$b Ramesh$01784378 701 $aWilkinson$b Stephen$01784379 801 0$bMiAaPQ 801 1$bMiAaPQ 801 2$bMiAaPQ 906 $aBOOK 912 $a9910983383103321 996 $aProceedings of the 2nd International Conference on Geotechnical Issues in Energy, Infrastructure and Disaster Management$94316014 997 $aUNINA